Новые правила дорожного движения Российской Федерации, 2008 (Запись № 73733)

Подробности
000 -МАРКЕР
контрольное поле 01544nam0a2200301 4500
001 - ИДЕНТИФИКАТОР ЗАПИСИ
контрольное поле RU\NLR\bibl\1223945
005 - ИДЕНТИФИКАТОР ВЕРСИИ
контрольное поле 20250615112321.0
010 ## - МЕЖДУНАРОДНЫЙ СТАНДАРТНЫЙ НОМЕР КНИГИ (ISBN)
Номер (ISBN) 978-5-699-25718-8
Тираж 30 000
021 ## - НОМЕР ГОСУДАРСТВЕННОЙ РЕГИСТРАЦИИ
Код страны российская федерация
Номер 2008-19428
Номер Листа государственной регистраци 1062
035 ## - ДРУГИЕ СИСТЕМНЫЕ НОМЕРА
Идентификатор записи (nilc)EL/0000176555
035 ## - ДРУГИЕ СИСТЕМНЫЕ НОМЕРА
Идентификатор записи (NLR Aleph) 001210271
100 ## - ДАННЫЕ ОБЩЕЙ ОБРАБОТКИ
Данные общей обработки 20080226d2008 |||y0rusy50 ca
101 0# - ЯЗЫК РЕСУРСА
Язык текста, звукозаписи и т.д. русский
102 ## - СТРАНА ПУБЛИКАЦИИ ИЛИ ПРОИЗВОДСТВА
Страна публикации российская федерация
105 ## - ПОЛЕ КОДИРОВАННЫХ ДАННЫХ: ТЕКСТОВЫЕ МАТЕРИАЛЫ, МОНОГРАФИЧЕСКИЕ
Кодированные данные о монографическом текстовом документе a z |||||
200 1# - ЗАГЛАВИЕ И СВЕДЕНИЯ ОБ ОТВЕТСТВЕННОСТИ
Основное заглавие Новые правила дорожного движения Российской Федерации, 2008
210 ## - ПУБЛИКАЦИЯ, РАСПРОСТРАНЕНИЕ И ДР.
Место издания, распространения и т.д. Москва
Имя издателя, распространителя и т. д. Эксмо
Дата издания, распространения и т.д. 2008
215 ## - ФИЗИЧЕСКАЯ ХАРАКТЕРИСТИКА
Специфическое обозначение материала и объем 112, [1] с.
Другие сведения о физической характеристике цв. ил.
Размеры 20
300 ## - ОБЩИЕ ПРИМЕЧАНИЯ
Текст примечания На обл. также: Таблица штрафов. Кодекс об административных правонарушениях с изменениями, вступающими в силу с 1 января и 1 июля 2008 года. Уголовная ответственность водителей
606 1# - НАИМЕНОВАНИЕ ТЕМЫ КАК ПРЕДМЕТ
Наименование темы Правила дорожного движения
Географический подзаголовок Российская Федерация
Системный номер авторитетной/нормативной записи 2301212
Идентификатор авторитетной/нормативной записи RU\NLR\auth\661377727
606 1# - НАИМЕНОВАНИЕ ТЕМЫ КАК ПРЕДМЕТ
Наименование темы Правила дорожного движения
Тематический подзаголовок Нарушения
-- Административная ответственность
Географический подзаголовок Российская Федерация
Системный номер авторитетной/нормативной записи 2111454
Идентификатор авторитетной/нормативной записи RU\NLR\auth\661276031
686 ## - ИНДЕКСЫ ДРУГИХ КЛАССИФИКАЦИЙ
Индекс 39.808
Издание LBC/РL
Код системы
801 #0 - ИСТОЧНИК ЗАПИСИ
Страна российская федерация
Организация ЦУНБ Москва
Дата составления 20080226
Правила каталогизации rcr
801 #1 - ИСТОЧНИК ЗАПИСИ
Страна российская федерация
Организация ЦУНБ Москва
Дата составления 20080226
Источник данных rusmarc
801 #2 - ИСТОЧНИК ЗАПИСИ
Страна российская федерация
Организация NLR
Дата составления 20080508
Правила каталогизации rcr
942 ## - ДОПОЛНИТЕЛЬНЫЕ ЭЛЕМЕНТЫ ЗАПИСИ (АБИС)
Тип экземпляра АБИС Книга
980 ## - КОЛЛЕКЦИЯ
Название коллекции Национальная библиография
Экземпляры
Тип экземпляра Дата поступления Источник поступления Библиотека постоянного хранения Библиотека текущего хранения Место хранения Шифр хранения Штрих-код Статус не для выдачи
Книга 08.05.2008 Обязательный экземпляр РНБ (Московский) РНБ (Московский) Фонд изданий групповой обработки ФГО 2667707  
Книга 08.05.2008 Обязательный экземпляр РНБ (Московский) РНБ (Московский) Обменный фонд   2667708